Medzinárodná konferencia o populácii a rozvoji v Káhire

Bibliographic Details
Main Author: Vranová, Zuzana (Author)
Format: Article
Language:Slovak
Subjects:

MARC

LEADER 00000nab a2200000 a 4500
001 vtls000536404
003 SK-MaSNL
005 20260304090259.0
008 250425c19941995xo 0 slo
015 |a SNBRB19rr/mm-uuuuu 
035 |a CL0536542 
035 |a urn:nbn:sk:snk-abbovv 
035 |a (urnnbn)urn:nbn:sk:snk:ar-007f33 
035 |a (uuid)affb7376-5945-4253-ba3a-e3be7f39e1da 
040 |a SNKBUCL  |b slo  |c SNKBUCL  |e AACR2 
041 0 |a slo 
044 |a xo  |c SK 
080 |a 312.8:061.3  |2 1981 
100 1 |a Vranová, Zuzana  |4 aut  |9 5481 
245 1 0 |a Medzinárodná konferencia o populácii a rozvoji v Káhire  |c Zuzana Vranová 
650 0 7 |a populácia  |2 snkbucl  |9 17913 
650 0 7 |a populačná explózia  |2 SNKPH  |9 49923 
650 0 7 |a krajiny rozvojové  |2 snkbucl  |9 934928 
655 7 |a články z novín a časopisov  |2 snkbucl  |9 267496 
773 0 |t Predškolská výchova  |g Roč. 49, č. 3-4 (1994/1995), s. 15 
850 |a Slovenská národná knižnica 
852 |a Slovenská národná knižnica 
954 |a odborná, vedecká literatúra pôvodná (slovenská)  |2 lita 
958 |a article15 
958 |a RK 
958 |a OND 
958 |a EUIPO 
992 |a RBX 
999 |c 2810963  |d 2812893